Statistiques concernant Culture Générale - Série 1347

Cliquez ici pour prendre le quiz!

Statistiques générales

  • Ce quiz a été pris 44 fois
  • Le résultat moyen est 4 sur 10

Statistiques - réponses

Hint Answer % Correct
Quel artiste interprète le titre "J'aime les filles" en 1967 ?Jacques Dutronc
80%
Dans les courses de chevaux, quel mot anglais désigne le professionnel qui prend et inscrit les paris ?bookmaker
63%
Quel président de la République est l'auteur d'une "Anthologie de la poésie française" ?Georges Pompidou
58%
Quelle ville de Franche-Comté accueille depuis 1951 le Concours international de jeunes chefs d’orchestre ?Besançon
45%
Pour quel film Catherine Deneuve reçoit-elle le César de la meilleure actrice, en 1981 ?Le Dernier Métro
33%
Quel homme politique français, alors président du Conseil, met fin à la guerre d'Indochine en 1954 ?Pierre Mendès France
30%
Quel réalisateur de films fantastiques, prénommé David, a signé “Frissons”, “Chromosome 3” et “Scanners” ?David Cronenberg
23%
Dans quel roman de René Barjavel de 1943, la civilisation, privée d'électricité, s'écroule et doit retourner à la terre ?Ravage
20%
En 1964, quelle présentatrice, prénommée Noëlle, est licenciée de la télévision pour avoir montré ses genoux ?Noëlle Noblecourt
18%
Dans quel département français se situe le lac de Pareloup ?Aveyron
8%

Distribution des résultats

Percentile par nombre de réponses

% des personnes avec chaque résultat

Votre développement - résultats

Vous n’avez pas pris ce quiz